00746nam a2200229Ia 4500003000400000005001700004008004100021020003000062040001700092082002000109100002300129245007900152250001200231260002800243300002200271500001900293650002900312650002400341942000900365952012700374999001500501IIN20250521124521.0250521s2023 xx d 001 0 eng d cRs.1150.00a9789354653407 aIINbEnglish a362.10425 bMAI1 aMaiti, Prithwiraj  2aAn Ultimate Guide to Community Medicine/cPrithwiraj Maiti & Bismoy Mondal a4rth ed aNew DelhibJaypeec2023 axix, 627 p.bill. aIncludes Index1 aCommunity Health Nursing1 aMedicine. Community cBOOK 00102ddc40708PURCHaIINbIINcGENd2025-03-11g1150.00l0o362.10425 MAIp2054r2025-05-21 12:45:49w2025-05-21yBOOK c1832d1832